000 00589nam a22001937a 4500
005 20130916155259.0
010 _aENG-108172
020 _a9789380261751
_c595.00
035 _aEN-91705
037 _bDBAD/PUB
082 _a305.800954165
100 _aKabi
245 1 0 _aNaga peace process and media /
_cby Kabi
260 _aGuwahati
_bEBH Publishers
_c2012
270 _a136,M.L.Nehru Road, Panbazar
_bGuwahati
_e781001
300 _axiii,156p. :
_c23cm(Hb)
_bill.
500 _aIncludes bibliographical references and index
942 _2ddc
_cEN
_mKAB
_h305.800954165
999 _c78130
_d78130